000 00295nam a2200109Ia 4500
008 250110s9999 xx 000 0 und d
041 _aeng
100 _aPatil R.
_9181800
245 _aIntrastrate Bus Station
260 _bFinal Year B. Arch, BNCA
_c2000
700 _aGuide Name:Modak S N
_9209372
999 _c362557
_d362557